000 00267nam a22001217a 4500
008 170609b xxu||||| |||| 00| 0 eng d
041 _aeng
080 _a338
100 _a19
101 _aSHP
245 _aPOLITIKA E ZHVILLIMIT RAJONAL
_cLIMANI,M
942 _2udc
_cBK
999 _c16651
_d16651